Think fast, the last number - Statistics

General Stats
  • This quiz has been taken 61 times
  • The average score is 14 of 15
Answer Stats
Hint Answer % Correct
2 1
100%
1 0
94%
11 10
94%
20 19
94%
4 3
94%
40 39
94%
5 4
94%
6 5
94%
7 6
94%
8 7
94%
9 8
94%
10 9
94%
101 100
92%
3 2
92%
0 -1
87%
No matching quizzes found
Score Distribution
Percent of People with Each Score
Percentile by Number Answered
Your Score History
You have not taken this quiz